Quản lý xây dựng tập thể sư phạm trường phổ thông Hermann Gmeiner Đà Nẵng theo hướng tổ chức biết học hỏi

Cơ sở lý luận của quản lý xây dựng tập thể sư phạm ở trường phổ thông. Thực trạng quản lý xây dựng tập thể sư phạm tại trường phổ thông Hermann Gmeiner Đà Nẵng. Các biện pháp quản lý xây dựng tập thể sư phạm trường phổ thông Hermann Gmeiner Đà Nẵng...

全面介绍

Đã lưu trong:
书目详细资料
主要作者: Dương Hiển Quang
其他作者: Lê Quang Sơn PGS.TS (Hướng dẫn)
格式: 图书
语言:Vietnamese
出版: Đà Nẵng Đại học Đà Nẵng 2014
主题:
标签: 添加标签
没有标签, 成为第一个标记此记录!
Thư viện lưu trữ: Mạng thư viện Đại học Đà Nẵng
LEADER 01872nam a2200349 4500
001 000020080
003 16521
005 20150313110340.0
008 150107s2014 viesd
041 |a vie 
082 1 4 |a 373.114  |b DƯ-Q 
100 1 |a Dương Hiển Quang 
245 1 |a Quản lý xây dựng tập thể sư phạm trường phổ thông Hermann Gmeiner Đà Nẵng theo hướng tổ chức biết học hỏi  |c Dương Hiển Quang ; Lê Quang Sơn hướng dẫn.  |k Luận văn Thạc sĩ 
260 |a Đà Nẵng  |b Đại học Đà Nẵng  |c 2014 
300 |a 120 tr., phụ lục 11 tr.  |c 29 cm.  |e Tóm tắt 
500 |a Luận văn thạc sĩ Khoa học. Chuyên ngành: Quản lý giáo dục. Mã số: 60.14.05 
520 1 |a Cơ sở lý luận của quản lý xây dựng tập thể sư phạm ở trường phổ thông. Thực trạng quản lý xây dựng tập thể sư phạm tại trường phổ thông Hermann Gmeiner Đà Nẵng. Các biện pháp quản lý xây dựng tập thể sư phạm trường phổ thông Hermann Gmeiner Đà Nẵng 
650 0 4 |a Quản lý giáo dục trung học  |v Luận văn tốt nghiệp  |x Xây dựng tập thể sư phạm  |z Đà Nẵng 
653 |a Giáo dục trung học 
653 |a Xây dựng tập thể sư phạm 
653 |a Quản lý giáo dục 
700 1 |a Lê Quang Sơn  |c PGS.TS  |e Hướng dẫn 
OWN |a LSP 
AVA |a UDN50  |b LSP  |d 373.114 DƯ-Q  |e available  |t Error 5001 Not defined in file expand_doc_bib_avail.  |f 1  |g 0  |h N  |i 0  |k 1 
999 |a From the UDN01 
AVA |a UDN50  |b LSP  |d 373.114 DƯ-Q  |e available  |t Error 5001 Not defined in file expand_doc_bib_avail.  |f 1  |g 0  |h N  |i 0  |k 1 
TYP |a Monograph 
TYP |a Printed language 
980 |a Mạng thư viện Đại học Đà Nẵng